Peniaze, ich devalvácia a inflácia.

Úloha peňazí v živote spoločnosti. Ich funkcia na vnútornom a zahraničnom trhu. Kolísanie hodnoty peňazí. Charakteristika devalvácie a inflácie a ich vplyv na hospodársky vývoj spoločnosti.

Salvato in:
Dettagli Bibliografici
Autore principale: Petráš, J.
Natura: Capitolo di libro
Lingua:slovacco
Soggetti:
Tags: Aggiungi Tag
Nessun Tag, puoi essere il primo ad aggiungerne!!

MARC

LEADER 00000naa a2200000 4500
001 r013634
005 20221213122750.4
041 0 |a slo 
044 |a SK 
245 1 0 |a Peniaze, ich devalvácia a inflácia.  |c J. Petráš 
520 |a Úloha peňazí v živote spoločnosti. Ich funkcia na vnútornom a zahraničnom trhu. Kolísanie hodnoty peňazí. Charakteristika devalvácie a inflácie a ich vplyv na hospodársky vývoj spoločnosti. 
610 2 0 |a peniaze 
610 2 0 |a devalvácia 
610 2 0 |a inflácia 
100 1 |a Petráš, J.